Loading...
| BB | 0 | 7 | 4 | 1 | 50 | 79 | 102.71 | 3 | 7 | 0.00 | 0.00 |
| AG | 2 | 1 | 1 | 1 | 35 | 34 | 66.67 | 2 | 2 | 0.00 | 0.00 |
| RR | 0 | 4 | 2 | 1 | 30 | 69 | 91.50 | 0 | 2 | 0.00 | 0.00 |
| AR | 1 | 1 | 0 | 0 | 25 | 28 | 65.50 | 1 | 2 | 0.00 | 0.00 |
| RC | 0 | 2 | 0 | 1 | 20 | 102 | 114.50 | 0 | 2 | 0.00 | 0.00 |
| TR | 1 | 0 | 1 | 0 | 10 | 36 | 36.00 | 0 | 1 | 0.00 | 0.00 |
| DM | 0 | 2 | 2 | 1 | 10 | 110 | 119.00 | 1 | 1 | 0.00 | 0.00 |
| MB | 0 | 2 | 3 | 0 | 5 | 82 | 97.50 | 0 | 1 | 0.00 | 0.00 |
| AW | 0 | 1 | 2 | 0 | 0 | 104 | 104.00 | 0 | 1 | 0.00 | 0.00 |
| TR | South Dakota | -5 | 23 |
| AR | flip-flops | 15 | 28 |
| AG | body mass index | 15 | 34 |
| TR | beaches | 15 | 36 |
| RR | Lagos | -5 | 38 |
| MB | Sophus Lie | -5 | 40 |
| DM | routing | -5 | 47 |
| RR | Haiti | -5 | 47 |
| AG | landlords | 15 | 51 |
| RR | C.L.R. James | 10 | 69 |